000 01188nam0a2200289 4500
001 RU\NLR\bibl\1143949
005 20260406120904.0
010 _a978-5-8138-0858-6
_911000
021 _aRU
_b2007-62393
_93332
035 _a(NLR Aleph) 001130782
090 _a1356541
_c1356541
100 _a20071022d2007 |||y0rusy50 ca
101 0 _arus
102 _aRU
105 _aa |||||||||
200 1 _aЧто случилось у котят?
_e[стихи
_eдля дошкольного и младшего школьного возраста]
_fВладимир Степанов
_g[худож. А. Михайлова]
210 _aСмоленск
_cРусич
_d2007
215 _a47 с.
_cцв. ил.
_d17
225 1 _aСтихи для детей
225 1 _aДля самых маленьких
700 1 _4070
_8rus
_7ca
_aСтепанов
_bВ.А.
_cдет. писатель
_f1949-
_gВладимир Александрович
_3RU\NLR\auth\77431
_9110482
702 1 _4040
_8rus
_7ca
_aМихайлова
_bА.
_cхудожник
_3RU\NLR\AUTH\7758200
_941132
801 0 _aRU
_bNLR
_c20071022
_gRCR
801 1 _aRU
_bNLR
_c20071022
942 _cBOOK
980 _aNB